书目信息 |
| 题名: |
嵌入式系统原理与应用
|
|
| 作者: | 魏权利 , 李丽萍 , 林粤伟 编著 | |
| 分册: | ||
| 出版信息: | 北京 机械工业出版社 2018.08 |
|
| 页数: | 314页 | |
| 开本: | 26cm | |
| 丛书名: | ||
| 单 册: | ||
| 中图分类: | TP360.21 | |
| 科图分类: | ||
| 主题词: | 微型计算机--wei xing ji suan ji--系统设计--高等教育--教材 | |
| 电子资源: | ||
| ISBN: | 978-7-111-60518-8 | |
| 000 | 01317nam0 2200301 450 | |
| 001 | CAL 0120182543143 | |
| 005 | 20180926112541.4 | |
| 010 | @a978-7-111-60518-8@dCNY59.00 | |
| 100 | @a20180926d2018 em y0chiy50 ea | |
| 101 | 0 | @achi |
| 102 | @aCN@b110000 | |
| 105 | @aak a 000yy | |
| 106 | @ar | |
| 200 | 1 | @a嵌入式系统原理与应用@Aqian ru shi xi tong yuan li yu ying yong@f魏权利, 李丽萍, 林粤伟编著@Fwei quan li , li li ping , lin yue wei bian zhu |
| 205 | @a第2版 | |
| 210 | @a北京@c机械工业出版社@d2018.08 | |
| 215 | @a314页@c图@d26cm | |
| 320 | @a有书目 (第314页) | |
| 330 | @a本书分为13章, 内容包括: 嵌入式系统概述 ; ARM微处理器体系结构 ; ARM微处理器指令系统 ; 微处理器ARM程序设计 ; 微处理器S3C2410A体系结构 ; 嵌入式系统应用产品开发平台 ; 嵌入式存储器系统及扩展接口电路 ; 通用I/O端口和中断系统 ; 微处理器S3C2410A的定时器/计数器 ; A-D转换、LCD触摸屏与液晶显示器 ; 嵌入式系统I/O总线接口 ; 嵌入式应用程序设计举例 ; ARM9实验项目及内容。 | |
| 333 | @a“十三五”普通高等教育规划教材 | |
| 586 | @a | |
| 606 | 0 | @a微型计算机@Awei xing ji suan ji@x系统设计@x高等教育@j教材 |
| 690 | @aTP360.21@v5 | |
| 701 | 0 | @a魏权利@Awei quan li@4编著 |
| 701 | 0 | @a李丽萍@Ali li ping@4编著 |
| 701 | 0 | @a林粤伟@Alin yue wei@4编著 |
| 801 | 0 | @aCN@c20180926 |
| 905 | @a河南城建学院图书馆@dTP360.21@eW591=2@f2 | |
| 嵌入式系统原理与应用/魏权利, 李丽萍, 林粤伟编著.-第2版.-北京:机械工业出版社,2018.08 |
| 314页:图;26cm |
| 使用对象:“十三五”普通高等教育规划教材 |
| ISBN 978-7-111-60518-8:CNY59.00 |
| 本书分为13章, 内容包括: 嵌入式系统概述 ; ARM微处理器体系结构 ; ARM微处理器指令系统 ; 微处理器ARM程序设计 ; 微处理器S3C2410A体系结构 ; 嵌入式系统应用产品开发平台 ; 嵌入式存储器系统及扩展接口电路 ; 通用I/O端口和中断系统 ; 微处理器S3C2410A的定时器/计数器 ; A-D转换、LCD触摸屏与液晶显示器 ; 嵌入式系统I/O总线接口 ; 嵌入式应用程序设计举例 ; ARM9实验项目及内容。 |
| ● |
| 相关链接 |
|
|
|
正题名:嵌入式系统原理与应用
索取号:TP360.21/W591=2
 
预约/预借
| 序号 | 登录号 | 条形码 | 馆藏地/架位号 | 状态 | 备注 |
| 1 | 1409478 | 214094781 | 自科库301/301自科库 62排2列5层/ [索取号:TP360.21/W591=2] | 在馆 | |
| 2 | 1409479 | 214094790 | 自科库301/301自科库 56排6列2层/ [索取号:TP360.21/W591=2] | 在馆 |